000
00338 a2200157 4500
001
68427
020
_a
9788579017902
040
_c
Anchieta - Pituba
100
_a
Barbieri, Laís de Campos
240
1
0
_a
Química 1ª série
_l
245
1
0
_a
Química 1ª série
300
_a
152
362
0
_a
2023
650
4
_a
Química
942
_c
BK
999
_c
68427
_d
68427